000 01278nam a2200289 4500
001 73387
003 ES-MaACL
005 20240513205036.0
007 t|
008 041005s2004 sp a |||| |dspa d
020 _a84-369-3773-2
080 _a75.056(460)(083.824)
080 _a75.036(460)(083.824)
245 0 0 _aVeinte ilustradores españoles (1898-1936)
_b: Biblioteca Nacional, Madrid, marzo-mayo 2004 /
_c[Apel.les Mestres ... et al. ; introducción y notas biográficas, Federico Moreno Santabárbara].
260 _a[Madrid] :
_bMinisterio de Educación, Cultura y Deporte, Subdirección General de Información y Publicaciones,
_c[2004]
300 _a199 p. :
_bprincipalmente il. ;
_c21 x 26 cm.
500 _aEn port.: Dirección General de Bellas Artes y Bienes Culturales, Subdirección General de Promoción de las Bellas Artes.
650 1 4 _aIlustración de libros-
_zEspaña-
_yS.XX-
_vExposiciones.
_913593
650 4 _aIlustradores-
_zEspaña-
_yS.XX.
_913595
655 7 _2tgfbne
_9193628
_aCatálogos de exposiciones
700 1 _aMestres, Apeles,
_d1854-1936
_9140420
700 1 _aMoreno Santabárbara, Federico.
_983433
710 2 _aBiblioteca Nacional (España)
_92188
852 _aES-MaACL
_jL-28220
942 _2udc
999 _c73387
_d73387